000 00486nam a2200181Ia 4500
005 20250326124326.0
008 250326s9999 xx 000 0 und d
037 _aTextbook
040 _aFMSL
_beng
_cFMSL
041 _aeng
_2eng
084 _aX:7 K7
_qFMSL
100 _aAllen C L
_9736559
245 0 _aFramework of price theory
_cAllen C L
260 _aCalifornia
_bCalifornia, Wadsworth
_c1967
300 _a373p
942 _cTB
_hX:7 K7
999 _c1273273
_d1273273